| 000 | 00552nam a22001937a 4500 | ||
|---|---|---|---|
| 005 | 20251108165514.0 | ||
| 008 | 250721s9999 xx 000 0 ara d | ||
| 082 | 1 | 4 | _aم/811.962/ابر |
| 100 | 1 | _aأمين، أحمد | |
| 245 | 1 | 0 | _aديوان حافظ إبراهيم / |
| 264 | 1 |
_aبيروت : _bدار العوده، _c[19-]. |
|
| 300 | _a2ج في مج1 | ||
| 650 | 1 | 7 | _aالشعر الحديث |
| 650 | 1 | 7 | _aمصر |
| 700 | 1 | _aالزين، أحمد | |
| 700 | 1 | _aاللإبياري، إبراهيم | |
| 942 |
_2ddc _cREF |
||
| 999 |
_c29497 _d29497 |
||